Russian Verbs - Statistics

General Stats
  • This quiz has been taken 245 times
  • The average score is 19 of 30
Answer Stats
Imperfective Answer Perfective % Correct
быть to be n/a
96%
знать to know узнать
85%
говорить to say сказать
81%
любить to love полюбить
79%
хотеть to want захотеть
79%
работать to work поработать
79%
жить to live жить
77%
идти to go пойти
76%
понимать to understand понять
76%
есть to eat съесть
75%
видеть to see увидеть
75%
делать to do сделать
73%
думать to think подумать
73%
смотреть to look посмотреть
72%
стоять to stand постоять
71%
сидеть to sit сесть
70%
давать to give дать
66%
мочь to be able смочь
64%
спрашивать to ask спросить
57%
становиться to become стать
56%
брать to take взять
55%
отвечать to answer ответить
52%
иметь to have n/a
52%
ждать to wait подождать
51%
лежать to lie лечь
50%
значить to mean n/a
44%
казаться to seem показаться
39%
оставаться to remain остаться
38%
выходить to go out выйти
32%
оказываться to turn out to be оказаться
4%
No matching quizzes found
Score Distribution
Percent of People with Each Score
Percentile by Number Answered
Your Score History
You have not taken this quiz